[Event "Masfjorden Grand Prix 2019"]
[Site "Sandnes skule (Masfjordnes)"]
[Date "2019.02.17"]
[Round "5"]
[White "HÃ¸lleland, Sigve"]
[Black "Kvisla, Johannes Luangtep"]
[Result "1/2-1/2"]
[WhiteElo "2003"]
[BlackElo "2273"]
[PlyCount "55"]
[EventDate "2019.??.??"]

1. c4 Nf6 2. Nc3 e6 3. e4 d6 4. Nf3 c5 5. d3 Be7 6. Be2 O-O 7. O-O a6 8. a4 b6
9. Ne1 Bb7 10. f4 Nfd7 11. Bf3 Nc6 12. Nc2 Qc7 13. g4 Rfd8 14. Qe1 Nd4 15. Nxd4
cxd4 16. Ne2 Nc5 17. Ra3 d5 18. exd5 exd5 19. b4 Ne6 20. cxd5 Bxd5 21. Bxd5
Rxd5 22. f5 Nf8 23. Ra2 Bd6 24. Bf4 Re8 25. Qf2 Qe7 26. Qf3 Bxf4 27. Qxd5 Be3+
28. Kg2 1/2-1/2

[Event "Masfjorden Grand Prix 2019"]
[Site "Sandnes skule (Masfjordnes)"]
[Date "2019.02.17"]
[Round "5"]
[White "Sivertsen, Jarle"]
[Black "Johannessen, Heine N"]
[Result "0-1"]
[WhiteElo "1605"]
[BlackElo "1636"]
[PlyCount "50"]
[EventDate "2019.??.??"]

1. e4 c5 2. Nf3 g6 3. c4 Nc6 4. Nc3 Bg7 5. g3 e5 6. Bg2 Nge7 7. d3 O-O 8. Be3
Nd4 9. Bxd4 cxd4 10. Nd5 Nxd5 11. cxd5 d6 12. h4 f5 13. Nd2 fxe4 14. dxe4 Qf6
15. Qf3 Qd8 16. Qa3 b5 17. Bh3 Bh6 18. f3 Bxh3 19. Rxh3 Bxd2+ 20. Kxd2 Qb6 21.
g4 Rac8 22. Rc1 Rxc1 23. Kxc1 d3 24. Qxd3 Qg1+ 25. Kd2 Qg2+ 0-1